Methodical workshop: lessons in Russian language as a foreign language (2nd edition) (Record no. 51033)

MARC details
000 -LEADER
fixed length control field 00648nam a2200169 a 4500
008 - FIXED-LENGTH DATA ELEMENTS--GENERAL INFORMATION
fixed length control field 210303s2012 ||||||||||||||||| || u
020 ## - INTERNATIONAL STANDARD BOOK NUMBER
International Standard Book Number 9785883372178
050 ## - LIBRARY OF CONGRESS CALL NUMBER
Classification number PG 2900 Bit
100 ## - MAIN ENTRY--PERSONAL NAME
Personal name Bitekhtina, N.B
245 10 - TITLE STATEMENT
Title Methodical workshop: lessons in Russian language as a foreign language (2nd edition)
Statement of responsibility, etc. N.B Bitekhtina; G.V Gorbanevskaya
250 ## - EDITION STATEMENT
Edition statement 2nd edition
260 ## - PUBLICATION, DISTRIBUTION, ETC.
Place of publication, distribution, etc. Moscow
Date of publication, distribution, etc. 2012
300 ## - PHYSICAL DESCRIPTION
Extent 172 pages
650 ## - SUBJECT ADDED ENTRY--TOPICAL TERM
Topical term or geographic name entry element RUSSIAN LITERATURE
700 ## - ADDED ENTRY--PERSONAL NAME
Personal name Gorbanevskaya, G.V
995 ## - RECOMMENDATION 995 [LOCAL, UNIMARC FRANCE]
-- CBU-MAIN LIBRARY (Kitwe)
-- 1
-- AVAILABLE
-- Mar 3, 2021
-- Main Library Open Access Collection
Holdings
Withdrawn status Lost status Source of classification or shelving scheme Damaged status Not for loan Home library Current library Shelving location Date acquired Total Checkouts Full call number Barcode Date last seen Price effective from Koha item type
          CBU-MAIN LIBRARY, KITWE. CBU-MAIN LIBRARY, KITWE.   11/30/2022   PG 2900 Bit 750885 11/30/2022 11/30/2022 MONOGRAPH